000 00400nam a2200133Ia 4500
008 220217s9999 xx 000 0 und d
245 0 _aMethod for the determination of seam slippage of woven fabrics
260 _aLondon
260 _c1970
_bBritish Standards Institution
490 _aBritish Standards
500 _aStandard number: BS 3320
650 _aWoven fabrics-seam slippage
942 _cST
999 _c73061
_d73061